Try us, the story of the Washington Artillery in World War II /

Bibliographic Details
Main Author: Casey, Powell A.
Format: Book
Language:English
Published: Baton Rouge : Claitor's Pub. Division, 1971.
Subjects:

MARC

Tag First Indicator Second Indicator Subfields
LEADER 00000cam a2200000 a 4500
001 in00000078128
005 20151008060637.0
008 730710s1971 lauab 00010 engm
010 |a  72145404  
035 |a (OCoLC)00673156 
035 |9 AAJ6230AM 
040 |a DLC  |c DLC  |d TXA  |d UtOrBLW 
043 |a n-us---  |a n-us-la 
049 |a TXAM  |c 1 [1673066]  |a TXAS [mil]  |c 1,2 
050 0 0 |a D769.34 141st  |b .C37 
082 0 |a 940.54/12/73 
100 1 |a Casey, Powell A. 
245 1 0 |a Try us, the story of the Washington Artillery in World War II /  |c by Powell A. Casey. 
264 1 |a Baton Rouge :  |b Claitor's Pub. Division,  |c 1971. 
300 |a xvii, 531 pages :  |b illustrations, maps ;  |c 29 cm. 
336 |a text  |b txt  |2 rdacontent 
337 |a unmediated  |b n  |2 rdamedia 
338 |a volume  |b nc  |2 rdacarrier 
500 |a "Louisiana casualty lists WW II": pages 467-531. 
610 1 0 |a United States.  |b Army.  |b 141st Field Artillery. 
650 0 |a World War, 1939-1945  |x Regimental histories. 
650 0 |a World War, 1939-1945  |v Registers of dead  |z Louisiana. 
999 |a MARS 
999 f f |s 4f18894b-b32a-3ef8-9b95-c2d73b9bfd01  |i ec2f9cdb-dec2-37dd-bf18-48e076d8a52e  |t 0 
952 f f |p ric  |a Texas A&M University  |b Rellis Campus  |c Joint Library Facility  |d Remote Storage  |t 0  |e D769.34 141st .C37  |h Library of Congress classification  |i unmediated -- volume  |m A14806095296 
952 f f |p noncirc  |a Texas A&M University  |b College Station  |c Cushing Memorial Library & Archives  |d Cushing: Ragan Military (Does not check out)  |t 0  |e D769.34 141st .C37 1971  |h Library of Congress classification  |i unmediated -- volume  |m A14852650507 
998 f f |a D769.34 141st .C37  |t 0  |l Remote Storage 
998 f f |a D769.34 141st .C37 1971  |t 0  |l Cushing: Ragan Military (Does not check out)